Krajina - ekológia, využívanie a ochrana : vedecká konferencia, 29. mája 2013, Banská Bystrica

Guardado en:
Detalles Bibliográficos
Autor Corporativo: Krajina - ekológia, využívanie a ochrana Banská Bystrica, Slovenská republika
Otros Autores: Mindriak, Rudolf (Revisador), Vološčuk, Ivan (Revisador)
Formato: Procedimiento de la Conferencia Libro
Publicado: Banská Bystrica : Univerzita Mateja Bela v Banskej Bystrici, 2013
Etiquetas: Agregar Etiqueta
Sin Etiquetas, Sea el primero en etiquetar este registro!

MARC

LEADER 00000nam a22000003a 4500
001 stu279800
005 20150617230243.9
008 131210s2013----------------------------d
020 |a 978-80-557-0576-7 
040 |a STU  |b slo 
111 2 |a Krajina - ekológia, využívanie a ochrana  |d 29. 5. 2013  |c Banská Bystrica, Slovenská republika 
245 1 |a Krajina - ekológia, využívanie a ochrana :  |b vedecká konferencia, 29. mája 2013, Banská Bystrica  |h elektronický zdroj 
260 |a Banská Bystrica :  |b Univerzita Mateja Bela v Banskej Bystrici,  |c 2013 
300 |a CD-ROM, 291 s. 
700 1 |a Mindriak, Rudolf  |4 rev 
700 1 |a Vološčuk, Ivan  |4 rev 
996 |b 284V037468  |c V*487/A  |l VVT  |s A  |a 24  |w stu279800_0001